| 000 | 00704cam a22002171 4500 | ||
|---|---|---|---|
| 001 | sa 68018239 | ||
| 003 | DLC | ||
| 005 | 20260227112709.0 | ||
| 008 | 810428s1966 ii 000 0 tam | ||
| 010 | _asa 68018239 | ||
| 035 | _a(OCoLC)21528121 | ||
| 040 |
_aDLC _cNN _dOCoLC _dDLC |
||
| 042 | _apremarc | ||
| 050 | 0 | 0 |
_aPL4758.9.C385 _bP48 |
| 100 | 1 |
_aSubbulakshmi, N., _d1923- |
|
| 245 | 1 | 0 |
_aPeriyapurāṇattil peṇmai. _bĀciriyar Na. Cuppulaṭcumi. [1. patippu] |
| 260 |
_aKōyamuttūr, _bCentir̲ Patippakam; Vir̲pan̲ai Urimai: Pāri Nilaiyam, Cen̲n̲ai _c[1966] |
||
| 300 |
_a9, 166 p. _c19 cm. |
||
| 500 | _aIn Tamil. | ||
| 600 | 0 | 0 |
_aCēkkil̲ār, _dactive 12th century. _tPeriyapurāṇam. |
| 999 |
_c88265 _d88265 |
||